00808nam a2200181 a 450000100100000000500170001000800410002704000250006808200160009310000410010924500630015026000630021330000310027604900090030795201730031695201200048999900170060900001231420200929162806.0091111s1956 dr c 000 0 spa d aDO-SdBNPbspacBNPHU axxxxbF316l1 aFeliz Cabrera, Publio Ernesto92898410aLidia :bhistoria de amor /cPublio Ernesto Feliz Cabrera. aCiudad Trujillo, República Dominicana, :b[s.n.],c1956. a150 p. :bretrs. ;c22 cm. aBNPD 001050718RVaPDbPDcHDd2009-11-11iLF1l0oxxxx F316lp12314-10r2020-06-25w2020-06-25y1zPerteneció a la biblioteca personal de Martínez Boog.ZNo se presta 001050718RVaPDbPDcCTd2011-08-25iLF1l0oxxxx F316lp12314-20r2020-06-25te. 2w2020-06-25y1ZNo se presta c11971d11971